Logo Biblioteca

Crónicas soberanas : (Registro nro. 536)

Detalles MARC
000 -LEADER
fixed length control field 01067nam a22002057a 4500
003 - CONTROL NUMBER IDENTIFIER
control field OSt
005 - DATE AND TIME OF LATEST TRANSACTION
control field 20250904113912.0
008 - FIXED-LENGTH DATA ELEMENTS--GENERAL INFORMATION
fixed length control field 250723s2023 ag ||||| |||| 00| 0 spa d
020 ## - INTERNATIONAL STANDARD BOOK NUMBER
International Standard Book Number 9789509553903
040 ## - CATALOGING SOURCE
Transcribing agency besoc
080 ## - UNIVERSAL DECIMAL CLASSIFICATION NUMBER
Authority record control number or standard number 338.2(82)(091)
100 ## - MAIN ENTRY--PERSONAL NAME
Personal name Orellano. Luciano
Relator term autor
245 10 - TITLE STATEMENT
Title Crónicas soberanas :
Remainder of title de la patria herida /
Statement of responsibility, etc. Luciano Orellano.
250 ## - EDITION STATEMENT
Edition statement 1a ed.
260 ## - PUBLICATION, DISTRIBUTION, ETC.
Place of publication, distribution, etc. Buenos Aires:
Name of publisher, distributor, etc. Agora,
Date of publication, distribution, etc. 2023.
300 ## - PHYSICAL DESCRIPTION
Extent 550 p. ;
Dimensions 23 cm.
505 00 - FORMATTED CONTENTS NOTE
Title Vaca Muerta y la industria petrolera : soberanía de un recurso estratégico /
Statement of responsibility Juan Manuel Ramos y Mario Cambio --
Title Disputa histórica por la Cuenca del Plata y rearticulación de un rpoyecto de soberanía regional /
Statement of responsibility Julieta Peppino --
Title Los nombres detrás del humo : las caras del ecocidio /
Statement of responsibility Pablo Payró --
Title Por las Escuelas Navales de Aprendices en la recuperación de nuestra soberanía nacional /
Statement of responsibility Oscar Verón --
Title Vicentín, una ventana a la soberanía perdida /
Statement of responsibility Germán Mangione.
650 #3 - SUBJECT ADDED ENTRY--TOPICAL TERM
Topical term or geographic name entry element Política económica
General subdivision Historia
Chronological subdivision Siglo XIX
-- Siglo XX
Geographic subdivision Argentina
942 ## - ADDED ENTRY ELEMENTS (KOHA)
Source of classification or shelving scheme Universal Decimal Classification
Koha item type Obra General
Suppress in OPAC No
Existencias
Withdrawn status Lost status Source of classification or shelving scheme Damaged status Not for loan Collection Home library Current library Date acquired Total checkouts Barcode Date last seen Price effective from Koha item type
    Universal Decimal Classification     Colección General Biblioteca Escuela de Ciencias Sociales Biblioteca Escuela de Ciencias Sociales 23/07/2025   001290 23/07/2025 23/07/2025 Obra General
Biblioteca de la Escuela Preuniversitaria en Ciencias Sociales y Humanísticas.
Riobamba 250 bis.
CP 2000 - Rosario - Santa Fe
E-Mail: biblioteca@esociales.unr.edu.ar